A Quickride Android Application for Enhanced Transportation Solutions for Kapasa Makasa University/ (Record no. 2614)

MARC details
000 -LEADER
fixed length control field 00521nam a22001457a 4500
003 - CONTROL NUMBER IDENTIFIER
control field OSt
005 - DATE AND TIME OF LATEST TRANSACTION
control field 20260601090521.0
008 - FIXED-LENGTH DATA ELEMENTS--GENERAL INFORMATION
fixed length control field 260601b |||||||| |||| 00| 0 eng d
040 ## - CATALOGING SOURCE
Transcribing agency KMU
100 ## - MAIN ENTRY--PERSONAL NAME
Personal name Hatyoka, Luckson; Muwowo, Danny
Relator term ICT with Education
245 ## - TITLE STATEMENT
Title A Quickride Android Application for Enhanced Transportation Solutions for Kapasa Makasa University/
Statement of responsibility, etc. Luckson Hatyoka and Danny Muwowo
260 ## - PUBLICATION, DISTRIBUTION, ETC.
Place of publication, distribution, etc. Chinsali:
Name of publisher, distributor, etc. Kapasa Makasa University,
Date of publication, distribution, etc. 2025.
300 ## - PHYSICAL DESCRIPTION
Extent 45 pages;
Other physical details Illustrations:
Dimensions 30 cm.
942 ## - ADDED ENTRY ELEMENTS (KOHA)
Koha item type Student Project Report
Suppress in OPAC No
Holdings
Withdrawn status Lost status Damaged status Not for loan Collection Home library Current library Shelving location Date acquired Total Checkouts Date last seen Price effective from Koha item type
        Reference Kapasa Makasa University Kapasa Makasa University Reference 01.06.2026   01.06.2026 01.06.2026 Student Project Report